Регионална библиотека "Любен Каравелов" - Русе

Philiberte (Запис номер 421784)

MARC детайли
000 -Лидер
Контролно поле с фиксирана дължина nam a22 a 4500
003 - Код на организацията, давaща контролен номер
Контролно поле BLK
005 - Дата и час на последна редакция
Контролно поле 20210628095809.0
008 - Елементи от данни с фиксирана дължина
fixed length control field 210628b bu |||||r|||| 00| 0 bu d
040 ## - Източник на каталожния запис
Идентификатор на билиотеката - собственик на записа BLK
041 ## - Код за език
Код за езика на текст/звукозапис или на отделно заглавие Френски
Код за езика КДБФ Френски
080 ## - УДК
Текстов определител УДК Френска литература
УДК код - определител по УДК 821.133.1
УДК определител -22
УДК - код + определител 821.133.1-22
100 ## - Редна дума - Автор
R(LIN) 1299
Автор Augier, Emile
Авторска отговорност първи автор
139 ## - Редно поле
Редна дума Augier, Emile
245 ## - Сведения за заглавието
Заглавие Philiberte
Подзаглавни данни comedie en trois actes et en vers
Редно поле (дума) Emile Augier
250 ## - Област на изданието
Сведения за изданието 2 ed.
260 ## - Област на издателските данни
9 (RLIN) 420371
Място на издаване, разпространение и проч. Bielefeld ; Leipzig
Име на издателя, разпространителя и проч. Velhagen & Klasing
Година на издаване 1880
300 ## - Физическа характеристика
Страници 101p.
Размери/Мащаб 15cm
380 ## - Жанр
Жанр Худож. лит.
490 ## - СЕРИИ (Колекции)
9 (RLIN) 435080
Име на серия Колекция Редки и ценни издания
490 ## - СЕРИИ (Колекции)
9 (RLIN) 458910
Име на серия Theatre francais
№: серия XIV série, 3. livraison.
852 ## - Местоположение
Форматна сигнатура Рф 880
Фондова буква Редки и ценни
999 ## - СИСТЕМНИ КОНТРОЛНИ НОМЕРА
Koha biblionumber 421784
Koha biblioitemnumber 421784
942 ## - АРТИКУЛИ
Вид на библиотечния материал Книги
Скрит в OPAC Не
Периодичен библиозапис Да
944 ## - СЪЗДАВАНЕ И РЕДАКЦИЯ на ЗАПИСА
Създаване/Редакция Създаване
Дата на регистрацията/редакция 2021-06-28
Служител, извършил регистрацията/редакцията Микаела Микова-Илиева
Статус, дата на статуса 2021-06-28
999 ## - СИСТЕМНИ КОНТРОЛНИ НОМЕРА
Koha biblioitemnumber 421784
Наличности
Код за отписване Код за изгубен артикул Източник на класификационната схема Код за повреда Коз за рестрикции Код за отдаване Артикулен № Име на библиотеката - собственик Име на библиотеката, в която се намира в момента Статус (Текущо местоположение) Дата на вписване в системата Местоположение - отдел Цена в лева Инвентарен номер Систематично азбучна сигнатура Баркод Цена в евро Служебен тип на артикула
  Не е изгубен Universal Decimal Classification Не е повреден само за читалня Специални фондове ( старопечатни, редки и ценни, фонд М. Арнаудов) 854890 Регионална библиотека "Любен Каравелов" Русе Регионална библиотека "Любен Каравелов" Русе Редки и ценни 2021-09-24 Редки и ценни 0.20 13391/58 Рф 880 900000065976 0.10 Книги
Vip Innovations Ltd, Rousse, Bulgaria 2025